1414 1244 1777 1562 1304 1950 1868 1994 1606 1213 1029 1193 1742 1975 1669 1414 1193 1557 1850 1566 1141 1291 1607 1547 1312 1777 1187 1123 1511 1775 1959 1263 1848 1121 1939 1851 1203 1088 1425 1021 1395 1078 1768 1512 1300 1458 1475 1411 1541 1020 1219 1560 1012 1232 1283 1175 1051 1261 1456 1097 1059 1014 1276 1858 1958 1296 1750 1600 1504 1200 1085 1465 1630 1955 1499 1842 1607 1093 1282 1700 1830 1418 1852 1341 1851 1142 1918 1072 1334 1634 1079 1391 1332 1570 1436 1856 1266 1846 1292 BCNSPRNW ULIB Ver.6.0+V

เปลี่ยนเป็นภาษาไทย

Change to English
 แสดงรายละเอียดบรรณานุกรม
  กลับหน้าหลัก

Brief Record : Get Marc (ISO 2709) : E-mail record : QR code < ปิดหน้าต่าง
LEADER : 00000nam a2200000Ia 4500
001    13399125389
003     ULIB
008    160712s2558 th a b 000 0 tha d
020    ^a9786163948991
060 04 ^aWL330^bบ675ส
100 0  ^aบุษบา ปันยารชุน
245 10 ^aเส้นประสาทสมองและก้านสมองเชิงประยุกต์ /^cบุษบา ปันยารชุน
250    ^aพิมพ์ครั้งที่ 1
260    ^aกรุงเทพฯ :^bภาควิชากายวิภาคศาสตร์ คณะแพทยศาสตร์มหาวิทยาลัยศรีนครินทรวิโรฒ,^c2558
300    ^a190 หน้า :^bภาพประกอบ ;^c26 ซม.
505 2  ^aFunctional components and pathways of cranial nerves --Olfactory nerve (CN I) -- Optic nerve (CN II) --Oculomotor nerve (CN III) -- Trochlear nerve (CN IV) --Trigeminal nerve (CN V) -- Abducens nerve (CN VI) --Facial nerve (CN VII) -- Vestibulocochlear nerve (CN VIII)-- Glossopharyngeal nerve (CN IX) -- Vagus nerve (CN X) --Accessory nerve (CN XI) -- Hypoglossal nerve (CN XII) --Brainstem cranial nerve syndromes
650  2 ^aNervous System^xanatomy & histology
650  2 ^aCranial Nerves
650  4 ^aประสาทกายวิภาคศาสตร์
650  4 ^aประสาทสมอง
710 2  ^aมหาวิทยาลัยศรีนครินทรวิโรฒ.^bคณะแพทยศาสตร์.^bภาควิชากายวิภาคศาสตร์
945    ^p290^l0^i24085
945    ^p290^l0^i24086
945    ^p290^l0^i24087
945    ^p290^l0^i24089
945    ^p290^l0^i24090
945    ^p290^l0^i24091
945    ^p290^l0^i24092
945    ^p290^l0^i24093
945    ^p290^l0^i24094
945    ^p290^l0^i24095
995    ^aกัณชพร
999    ^aกัณชพร
รายการนี้ยังไม่มีแท็ก
คุณยังไม่ได้ล็อกอิน คุณสามารถมีกิจกรรมร่วมกับเว็บไซต์ได้ แต่ต้องล็อกอินก่อน ::
  ล็อกอิน

รายการสื่อสารสนเทศ

ลำดับที่ ประเภท เลขเรียก/บาร์โค้ด สถานที่ สถานะ
1. หนังสือสำรอง
หนังสือสำรอง
สถานะ=หนังสือเก่า
WL330 บ675ส ฉ.1 
  Barcode: 24085
ห้องสมุดวิทยาเขตนครสวรรค์
►ส่วนจัดเก็บหนังสือเก่า นว.
บนชั้น
  ขอยืม
2. วิทยาศาสตร์การแพทย์ และสุขภาพ
วิทยาศาสตร์การแพทย์ และสุขภาพ
สถานะ=หนังสือเก่า
WL330 บ675ส ฉ.10 
  Barcode: 24095
ห้องสมุดวิทยาเขตนครสวรรค์
►ส่วนจัดเก็บหนังสือเก่า นว.
บนชั้น
  ขอยืม
3. วิทยาศาสตร์การแพทย์ และสุขภาพ
วิทยาศาสตร์การแพทย์ และสุขภาพ
สถานะ=หนังสือเก่า
WL330 บ675ส ฉ.2 
  Barcode: 24086
ห้องสมุดวิทยาเขตนครสวรรค์
►ส่วนจัดเก็บหนังสือเก่า นว.
บนชั้น
  ขอยืม
4. วิทยาศาสตร์การแพทย์ และสุขภาพ
วิทยาศาสตร์การแพทย์ และสุขภาพ
สถานะ=หนังสือเก่า
WL330 บ675ส ฉ.3 
  Barcode: 24087
ห้องสมุดวิทยาเขตนครสวรรค์
►ส่วนจัดเก็บหนังสือเก่า นว.
บนชั้น
  ขอยืม
5. วิทยาศาสตร์การแพทย์ และสุขภาพ
วิทยาศาสตร์การแพทย์ และสุขภาพ
สถานะ=หนังสือเก่า
WL330 บ675ส ฉ.4 
  Barcode: 24089
ห้องสมุดวิทยาเขตนครสวรรค์
►ส่วนจัดเก็บหนังสือเก่า นว.
บนชั้น
  ขอยืม
6. วิทยาศาสตร์การแพทย์ และสุขภาพ
วิทยาศาสตร์การแพทย์ และสุขภาพ
สถานะ=หนังสือเก่า
WL330 บ675ส ฉ.5 
  Barcode: 24090
ห้องสมุดวิทยาเขตนครสวรรค์
►ส่วนจัดเก็บหนังสือเก่า นว.
บนชั้น
  ขอยืม
7. วิทยาศาสตร์การแพทย์ และสุขภาพ
วิทยาศาสตร์การแพทย์ และสุขภาพ
สถานะ=หนังสือเก่า
WL330 บ675ส ฉ.6 
  Barcode: 24091
ห้องสมุดวิทยาเขตนครสวรรค์
►ส่วนจัดเก็บหนังสือเก่า นว.
บนชั้น
  ขอยืม
8. วิทยาศาสตร์การแพทย์ และสุขภาพ
วิทยาศาสตร์การแพทย์ และสุขภาพ
สถานะ=หนังสือเก่า
WL330 บ675ส ฉ.7 
  Barcode: 24092
ห้องสมุดวิทยาเขตนครสวรรค์
►ส่วนจัดเก็บหนังสือเก่า นว.
บนชั้น
  ขอยืม
9. วิทยาศาสตร์การแพทย์ และสุขภาพ
วิทยาศาสตร์การแพทย์ และสุขภาพ
สถานะ=หนังสือเก่า
WL330 บ675ส ฉ.8 
  Barcode: 24093
ห้องสมุดวิทยาเขตนครสวรรค์
►ส่วนจัดเก็บหนังสือเก่า นว.
บนชั้น
  ขอยืม
10. วิทยาศาสตร์การแพทย์ และสุขภาพ
วิทยาศาสตร์การแพทย์ และสุขภาพ
สถานะ=หนังสือเก่า
WL330 บ675ส ฉ.9 
  Barcode: 24094
ห้องสมุดวิทยาเขตนครสวรรค์
►ส่วนจัดเก็บหนังสือเก่า นว.
บนชั้น
  ขอยืม

รายการใกล้เคียง
    ผู้แต่ง [บุษบา ปันยารชุน]

    หัวเรื่อง [ประสาทกายวิภาคศาสตร์]
    หัวเรื่อง [ประสาทสมอง]

BibComment


ยังไม่เคยถูกคอมเมนท์

คอมเมนท์ทรัพยากรรายการนี้
  คอมเมนท์: เส้นประสาทสมองแล..


 Copyright 2026. Bcnsprnw @Library